I wonder why flutes have holes : (Record no. 14386)

MARC details
000 -LEADER
fixed length control field 02463pam a2200409 a 4500
005 - DATE AND TIME OF LATEST TRANSACTION
control field 20080710151859.0
008 - FIXED-LENGTH DATA ELEMENTS--GENERAL INFORMATION
fixed length control field 080710t xxu||||| |||| 00| 0 eng d
010 ## - LCCN (DPL NO)
LC control number B-270041-046
020 ## - INTERNATIONAL STANDARD BOOK NUMBER
International Standard Book Number 0753405067
035 ## - SYSTEM CONTROL NUMBER
System control number B-270041-046
037 ## - SOURCE OF ACQUISITION
Source of stock number/acquisition Grolier
040 ## - CATALOGING SOURCE
Original cataloging agency DPL
Language of cataloging EN
082 ## - DEWEY DECIMAL CLASSIFICATION NUMBER
Classification number 788.32
100 ## - MAIN ENTRY--PERSONAL NAME
Personal name Paker, Josephine
245 ## - TITLE STATEMENT
Title I wonder why flutes have holes :
Remainder of title and other questions about music /
Statement of responsibility, etc by Josephine Paker.
260 ## - PUBLICATION, DISTRIBUTION, ETC. (IMPRINT)
Place of publication, distribution, etc London
Name of publisher, distributor, etc Kingfisher Publications
Date of publication, distribution, etc 2007
270 ## - ADDRESS
Address New Penderel Houes, 283-288 High Holborn,
City London
300 ## - PHYSICAL DESCRIPTION
Extent 32 p. :
Other physical details col. ill. ;
Dimensions 29 cm.
490 ## - SERIES STATEMENT
Series statement I wonder why
500 ## - GENERAL NOTE
General note Includes index.
500 ## - GENERAL NOTE
General note This book is published in 24 vol.
650 ## - SUBJECT ADDED ENTRY--TOPICAL TERM
Topical term or geographic name as entry element Music
General subdivision Miscellanea
-- Juvenile literature.
650 ## - SUBJECT ADDED ENTRY--TOPICAL TERM
Topical term or geographic name as entry element Music
General subdivision Miscellanea.
650 ## - SUBJECT ADDED ENTRY--TOPICAL TERM
Topical term or geographic name as entry element Questions and answers.
830 ## - SERIES ADDED ENTRY--UNIFORM TITLE
Uniform title I wonder why (New York, N.Y.)
856 ## - ELECTRONIC LOCATION AND ACCESS
Materials specified Publisher description
Uniform Resource Identifier <a href="http://www.loc.gov/catdir/description/hm021/94045002.html">http://www.loc.gov/catdir/description/hm021/94045002.html</a>
942 ## - ADDED ENTRY ELEMENTS (KOHA)
Source of classification or shelving scheme Dewey Decimal Classification
Item type Children Books
Classification part 788.32
Call number suffix PAK
Holdings
Withdrawn status Lost status Damaged status Not for loan Collection code Home library Current library Date acquired Cost, normal purchase price Total Checkouts Full call number Barcode Date last seen Cost, replacement price Koha item type Copy number Total Renewals Source of classification or shelving scheme Source of acquisition
      Not For Loan Reference Central Library Central Library 10/07/2008 10312.50 1 788.32 / IWO B270041 07/10/2025 10312.50 Children Books 1   Dewey Decimal Classification  
        Reference Jor Bagh (Children Lib) Jor Bagh (Children Lib) 10/07/2008 10312.50   788.32 / IWO B-270044 15/09/2008 10312.50 Children Books        
        Reference Karol Bagh Karol Bagh 10/07/2008 10312.50   788.32 / IWO B-270045 15/09/2008 10312.50 Children Books        
        Reference Patel Nagar Patel Nagar 10/07/2008 10312.50   788.32 / IWO B-270042 15/09/2008 10312.50 Children Books        
        Reference Sarojini Nagar Sarojini Nagar 10/07/2008 10312.50   788.32 / IWO B-270043 15/09/2008 10312.50 Children Books 1      
        Reference Shahdara Branch Shahdara Branch 10/07/2008 10312.50 3 788.32 / IWO B-270046 28/12/2022 10312.50 Children Books 1 1    
      Not For Loan Reference Vinoba Puri Vinoba Puri 26/09/2008 10312.00   788.32 PAK B-285163 26/09/2008 10312.00 Children Books 1   Dewey Decimal Classification Grolier/G-07-0231/23.7.08/199/21.7.08/11.9.08

© Delhi Public Library
Hit Counter
free hit counter